ბათუმის შოთა რუსთაველის სახელმწიფო უნივერსიტეტის ბიბლიოთეკა

მურღულის ქვა:კატორღული რომანი (ბიბ.ჩანაწერი № 43442)

000 -LEADER
fixed length control field 00765nam a2200229Ia 4500
001 - CONTROL NUMBER
control field 10172
003 - CONTROL NUMBER IDENTIFIER
control field GE_BSU
008 - FIXED-LENGTH DATA ELEMENTS--GENERAL INFORMATION
fixed length control field 181216s||||||||xx |||||||||||||| ||und||
020 ## - INTERNATIONAL STANDARD BOOK NUMBER
International Standard Book Number 9992843535
040 ## - CATALOGING SOURCE
Transcribing agency GE_BSU
080 ## - UNIVERSAL DECIMAL CLASSIFICATION NUMBER
Universal Decimal Classification number 821.353.1–31
100 ## - MAIN ENTRY--PERSONAL NAME
Personal name სურგულაძე,რამაზ
245 ## - TITLE STATEMENT
Title მურღულის ქვა:კატორღული რომანი
245 ## - TITLE STATEMENT
Statement of responsibility, etc. რედ.ანზორ კოდბა.მხატვ.ჯემალ მიქელაძე
260 ## - PUBLICATION, DISTRIBUTION, ETC.
Place of publication, distribution, etc. ბათუმი
260 ## - PUBLICATION, DISTRIBUTION, ETC.
Name of publisher, distributor, etc. ალიონი
260 ## - PUBLICATION, DISTRIBUTION, ETC.
Date of publication, distribution, etc. 2005
300 ## - PHYSICAL DESCRIPTION
Extent 176გვ.20სმ.
653 ## - INDEX TERM--UNCONTROLLED
Uncontrolled term მურღულის ქვა:კატორღული რომანი
942 ## - ADDED ENTRY ELEMENTS (KOHA)
Koha item type წიგნი
ეგზემპლარები
Withdrawn status Lost status Damaged status Not for loan Date acquired Barcode Date last seen Price effective from Koha item type
        2018-12-17 33812 2018-12-17 2018-12-17 წიგნი
        2018-12-17 33813 2018-12-17 2018-12-17 წიგნი